Büyük Ağa: Tarık Buğra (Record no. 4041)

000 -LEADER
fixed length control field 00541nam a22001937a 4500
008 - FIXED-LENGTH DATA ELEMENTS--GENERAL INFORMATION
fixed length control field 180323b xxu||||| |||| 00| | tur d
020 ## - INTERNATIONAL STANDARD BOOK NUMBER
International Standard Book Number 9758950770
041 ## - LANGUAGE CODE
Language code of text/sound track or separate title Türkçe
050 ## - LIBRARY OF CONGRESS CALL NUMBER
Classification number PL248.B74
100 ## - MAIN ENTRY--PERSONAL NAME
Personal name Ayvazoğlu, Beşir
9 (RLIN) 659
245 ## - TITLE STATEMENT
Title Büyük Ağa: Tarık Buğra
250 ## - EDITION STATEMENT
Edition statement 4. Baskı
260 ## - PUBLICATION, DISTRIBUTION, ETC.
Place of publication, distribution, etc. İstanbul:
Name of publisher, distributor, etc. Kapı Yayınları,
Date of publication, distribution, etc. 2011
300 ## - PHYSICAL DESCRIPTION
Extent 151 Sayfa
500 ## - GENERAL NOTE
General note Kapı Yayınları: 74; Beşir Ayvazoğlu Kitaplığı: 2
650 #0 - SUBJECT ADDED ENTRY--TOPICAL TERM
9 (RLIN) 145
Topical term or geographic name entry element Türk Edebiyatı
650 #0 - SUBJECT ADDED ENTRY--TOPICAL TERM
9 (RLIN) 1768
Topical term or geographic name entry element Anı Biyografi
942 ## - ADDED ENTRY ELEMENTS (KOHA)
Source of classification or shelving scheme
Koha item type Books
Holdings
Withdrawn status Lost status Source of classification or shelving scheme Damaged status Not for loan Permanent Location Current Location Shelving location Date acquired Full call number Barcode Date last seen Price effective from Koha item type
        Ödünç verilemez İmren Ahmet Tüzün Kütüphanesi İmren Ahmet Tüzün Kütüphanesi Ahmet Tüzün 2020-03-02 PL248.B74 100100004333 2020-03-02 2020-03-02 Books

This software was implemented, installed and managed by Devinim Software Training Consulting .